01276nam a2200301 i 4500003000900000005001700009007000300026008004100029020001800070040003000088082001900118100004800137245021600185264007200401300002700473336002700500337003300527338002900560490003200589500003900621500006400660504002900724590002700753910001400780942001400794952014900808999001700957DO-SdBNP20250805135658.0ta250805s2018 dr 000 0 spa d a9789945590913 aDO-SdBNPbspacBNPHUerda 4axxxxbD2522221 aDavidson, Christina C.eautora4aut.98799713aAnalysis of evangelical christianity in the dominican republic :bfocus on two historical protestant churches: The African methodist episcopal church and the dominican evangelical church /cChristina C. Davidson aSanto Domingo :bFundación Global Democracia y Desarrollo,c2018. a63 páginas ;c21 cm. atextobtxt2rdacontent asin mediaciónbn2rdamedia avolumenbnc2rdacarrier 1 aResearch and ideasaHistory aIncluye notas a pie de páginas.  aIncluye datos biografícos de la autora en la página 57. aBibliografía p: 53-55. aInventariado, 2025/ YL aYLockward 2ddccLBS1 00102ddc51708PDaBNPHUbBNPHUcCTd2024-10-23eDonado por Leopoldo Maldonadol0oBNPHU PD xxxx D252p2025-7764r2025-08-05w2025-08-05yLBS1 c59729d59729